Work in Transition. (Record no. 8809)
[ view plain ]
| 000 -LEADER | |
|---|---|
| fixed length control field | 00549nam a22002057u 4500 |
| 001 - CONTROL NUMBER | |
| control field | WIIW0000161 |
| 003 - CONTROL NUMBER IDENTIFIER | |
| control field | OSt |
| 005 - DATE AND TIME OF LATEST TRANSACTION | |
| control field | 20190718113918.0 |
| 007 - PHYSICAL DESCRIPTION FIXED FIELD--GENERAL INFORMATION | |
| fixed length control field | tu |
| 008 - FIXED-LENGTH DATA ELEMENTS--GENERAL INFORMATION | |
| fixed length control field | 190718s2018 xxu|||||||||||00||0|eng|d |
| 020 ## - INTERNATIONAL STANDARD BOOK NUMBER | |
| International Standard Book Number | 978-1-898802-47-1 |
| 040 ## - CATALOGING SOURCE | |
| Transcribing agency | OSt |
| 110 2# - MAIN ENTRY--CORPORATE NAME | |
| Corporate name or jurisdiction name as entry element | European Bank for Reconstruction and Development (EBRD) |
| 245 00 - TITLE STATEMENT | |
| Title | Work in Transition. |
| Remainder of title | Transition Report 2018-19 |
| 260 ## - PUBLICATION, DISTRIBUTION, ETC. | |
| Place of publication, distribution, etc. | London, |
| Date of publication, distribution, etc. | 2018. |
| 300 ## - PHYSICAL DESCRIPTION | |
| Extent | 116 S. |
| 490 0# - SERIES STATEMENT | |
| Series statement | Transition Report |
| Volume/sequential designation | 2018-19 |
| International Standard Serial Number | 1356-3424 |
| 856 42 - ELECTRONIC LOCATION AND ACCESS | |
| Uniform Resource Identifier | <a href="https://2018.tr-ebrd.com/">https://2018.tr-ebrd.com/</a> |
| 942 ## - ADDED ENTRY ELEMENTS (KOHA) | |
| Koha item type | Periodical |
| Withdrawn status | Lost status | Damaged status | Not for loan | Home library | Current library | Shelving location | Date acquired | Total Checkouts | Barcode | Date last seen | Price effective from | Koha item type |
|---|---|---|---|---|---|---|---|---|---|---|---|---|
| WIIW | WIIW | Library | 07/18/2019 | 2000000007106 | 07/18/2019 | 07/18/2019 | Periodical |
